000 00656cam a2200181 a 4500
020 _a1560320907 (case : permanent paper)
020 _a1560320915 (paper : permanent paper)
050 0 4 _aQH90.57.B5
_bF86 1995
245 0 0 _aFundamentals of aquatic toxicology :
_beffects, environmental fate, and risk assessment /
_cedited by Gary M. Rand.
250 _a2nd ed.
260 _aWashington, D.C. :
_bTaylor & Francis,
_cc1995.
300 _axxi, 1125 p. :
650 0 _xPollution
_xToxicology.
650 0 _xEffect of water pollution on.
700 1 _aRand, Gary M.,
856 4 2 _uhttp://www.loc.gov/catdir/enhancements/fy0731/95006381-d.html
942 _cGEN
999 _c1843
_d1843